Manual de limpieza y conservación de obras de arte para el personal de mantenimiento del Banco de México. (Record no. 5753)

MARC details
000 -CABECERA
campo de control de longitud fija 00778nam a2200205 a 4500
001 - NÚMERO DE CONTROL
campo de control BRCA_6066
005 - FECHA Y HORA DE LA ÚLTIMA TRANSACCIÓN
campo de control 20190320205323.0
008 - DATOS DE LONGITUD FIJA--INFORMACIÓN GENERAL
campo de control de longitud fija 170608s1995----mx-a---###---#000-0#spa-#
050 #4 - SIGNATURA TOPOGRÁFICA DE LA BIBLIOTECA DEL CONGRESO
Número de clasificación N8560
Número de documento/Ítem .L34 1995
100 1# - ENTRADA PRINCIPAL--NOMBRE DE PERSONA
Nombre de persona Lagunes Vessels, Annette
9 (RLIN) 15321
245 10 - MENCIÓN DE TÍTULO
Título Manual de limpieza y conservación de obras de arte para el personal de mantenimiento del Banco de México.
260 ## - PUBLICACIÓN, DISTRIBUCIÓN, ETC.
Lugar de publicación, distribución, etc. Ciudad de México
Fecha de publicación, distribución, etc. 1995
300 ## - DESCRIPCIÓN FÍSICA
Extensión 62 p.
Otras características físicas il.
Material acompañante/anejo 1 manual
502 ## - NOTA DE TESIS
Nota de tesis Tesis Licenciatura (Licenciado en Diseño Gráfico) Universidad Iberoamericana
610 24 - PUNTO DE ACCESO ADICIONAL DE MATERIA--NOMBRE DE ENTIDAD CORPORATIVA
Nombre de entidad corporativa o nombre de jurisdicción como elemento de entrada Banco Nacional de México
Subdivisión general Personal de mantenimiento
9 (RLIN) 15322
650 14 - PUNTO DE ACCESO ADICIONAL DE MATERIA--TÉRMINO DE MATERIA
Término de materia o nombre geográfico como elemento de entrada Arte
Subdivisión de forma Manuales
Subdivisión general Conservación y restauración
9 (RLIN) 15323
650 14 - PUNTO DE ACCESO ADICIONAL DE MATERIA--TÉRMINO DE MATERIA
Término de materia o nombre geográfico como elemento de entrada Conservación de obras de arte
9 (RLIN) 15324
902 ## - CATALOGADOR
Iniciales TES
942 ## - ELEMENTOS DE PUNTO DE ACCESO ADICIONAL (KOHA)
Fuente del sistema de clasificación o colocación Library of Congress Classification
Tipo de ítem Koha Tesis
Holdings
Estado de retiro Estado de pérdida Estado dañado No para préstamo Localización permanente Ubicación/localización actual Fecha de adquisición Total de préstamos Signatura topográfica completa Código de barras Fecha visto por última vez Precio válido a partir de Tipo de ítem Koha
El ejemplar forma parte de la colección y puede ser consultado según las políticas vigentes.       Biblioteca del Museo Franz Mayer (Rogerio Casas-Alatriste) Biblioteca del Museo Franz Mayer (Rogerio Casas-Alatriste) 24/05/2011   N8560 .L34 1995 TES00032 22/03/2019 22/03/2019 Tesis